Media Relations není manipulace

Gespeichert in:
Bibliographische Detailangaben
1. Verfasser: Věrčák, Vladimír
Weitere Verfasser: Girgašová, Jana, Liškařová, Renata
Format: Buch
Sprache:Tschechisch
Veröffentlicht: Praha Ekopress 2004
Schlagworte:
Tags: Tag hinzufügen
Keine Tags, Fügen Sie das erste Tag hinzu!

MARC

LEADER 00000nam$a2200000$$$4500
001 0021998
005 20240306141528.7
020 |a 80-86119-43-2 
041 0 |a cze 
044 |a CZ 
245 1 0 |a Media Relations není manipulace  |c Vladimír Věrčák, Jana Girgašová, Renata Liškařová 
264 1 |a Praha  |b Ekopress  |c 2004 
300 |a 136 s. 
610 2 0 |a práca s verejnosťou 
610 2 0 |a médiá 
610 2 0 |a marketing 
610 2 0 |a kódexy etické 
610 2 0 |a novinárstvo 
610 2 0 |a komunikácia 
610 2 0 |a tlač 
610 2 0 |a internet 
610 2 0 |a veľtrhy 
610 2 0 |a výstavy 
610 2 0 |a psychológia práce 
100 1 |a Věrčák, Vladimír 
700 1 |a Girgašová, Jana 
700 1 |a Liškařová, Renata